Countries Gerald Ford visited - Statistics

General Stats
  • This quiz has been taken 47 times
  • The average score is 14 of 18
Answer Stats
Continent Country % Correct
Europe France
91%
Europe Belgium
88%
Europe Italy
88%
Asia Japan
88%
North America Mexico
88%
Asia China
85%
Europe Austria
82%
Asia South Korea
82%
Europe Spain
82%
Europe Poland
79%
Asia/ Europe Soviet Union
76%
Europe Yugoslavia
71%
Europe Finland
65%
Europe Vatican City
65%
Europe Romania
62%
Asia Indonesia
59%
Europe West Germany
59%
Asia the Philippines
47%
No matching quizzes found
Score Distribution
Percent of People with Each Score
Percentile by Number Answered
Your Score History
You have not taken this quiz